Getting Results with Microsoft Excel for Windows 95. (Record no. 349254)

000 -LEADER
fixed length control field 00453 a2200145 4500
082 ## - DEWEY DECIMAL CLASSIFICATION NUMBER
Classification number 005.369
090 ## - LOCALLY ASSIGNED LC-TYPE CALL NUMBER (OCLC); LOCAL CALL NUMBER (RLIN)
-- 6916
-- 6916
100 ## - MAIN ENTRY--PERSONAL NAME
Personal name Microsoft Support Network
245 ## - TITLE STATEMENT
Title Getting Results with Microsoft Excel for Windows 95.
Remainder of title Real World Solutions for the Work you do.
Statement of responsibility, etc. Microsoft Support Network
250 ## - EDITION STATEMENT
Edition statement Version 7.0
260 ## - PUBLICATION, DISTRIBUTION, ETC.
Place of publication, distribution, etc. USA
Name of publisher, distributor, etc. Microsoft Corporation
Date of publication, distribution, etc. 1995
300 ## - PHYSICAL DESCRIPTION
Extent 227p.
500 ## - GENERAL NOTE
General note Paper cover
942 ## - ADDED ENTRY ELEMENTS (KOHA)
Institution code [OBSOLETE] NBS
Koha item type Book
Call number prefix 005.369 MIC
Holdings
Withdrawn status Lost status Damaged status Not for loan Permanent Location Current Location Shelving location Date acquired Total Checkouts Full call number Barcode Date last seen Date last checked out Price effective from Koha item type
        Central Library (CL) Central Library (CL) First Floor - Software Engineering/ Programming Language 08/28/2013 1 005.369 MIC NBSD-1931 11/22/2017 07/20/2017 08/28/2013 Book
© 2023 Central Library, National University of Sciences and Technology. All Rights Reserved.